Maldiven Trivia Quiz - Statistieken

Algemene statistieken
  • Deze quiz is 254 keer genomen
  • De gemiddelde score is 9 van 13
Antwoordstatistieken
Hint Antwoord % Correct
Oceaan waar de Maldiven in liggen Indische Oceaan
96%
Staatsreligie Islam
87%
Land waaruit de Maldiven onafhankelijk werden in 1965 Verenigd Koninkrijk
87%
Soort natuurramp die de Maldiven in 2004 verwoestte Tsunami
85%
Hoofdstad Malé
82%
Maldiviërs eten meer van dit per hoofd dan elk ander land Vis
79%
Industrie die goed is voor 60% van de inkomsten Toerisme
71%
De Maldiven zijn samengesteld uit 26 van dit type eilanden, een koraalrif om een lagune heen Atol
68%
De Maldiven hebben de laagste gemiddelde ______ van alle landen Hoogte
66%
Daarom worden de Maldiven vaak beschouwd als het land dat het meest door dit fenomeen wordt bedreigd Klimaatverandering
66%
Dominante religie daarvoor, vanaf de 3e eeuw voor Christus. tot de jaren 1200 Boeddhisme
63%
Officiële taal Divehi
40%
In de oudheid leverden de Maldiven een groot aantal hiervan, die in delen van de wereld als betaalmiddel werden gebruikt Kauri{schelpen}
38%
Geen overeenkomende quizzen gevonden
Scoreverdeling
Procent van Mensen met Elke Score
Percentiel versus Aantal Correcte Antwoorden
Uw Scoregeschiedenis
U heeft deze quiz nog niet genomen